000
00290nam a2200109Ia 4500
008
230907s9999||||xx |||||||||||||| ||und||
082
_a
621.988
_b
CLI
100
_a
Cline, Lydia Sloan,
_9
116030
245
0
_a
3D printer projects for makerspaces /
300
_a
xxii, 324 pages :
942
_c
BK
999
_c
600853
_d
600853